000
00246nam a2200109Ia 4500
008
220204s9999 xx 000 0 und d
082
_a
82-3
_b
HIT
100
_a
Alfred
245
0
_a
Grave business
260
_a
Herts
_b
Mayflower
_c
1977
942
_c
BK
999
_c
32896
_d
32896